La psique y el símbolo /

Serie sobre mitología, conducida por el especialista Joseph Campbell (1904-1987), autor del estudio de mitología comparada titulado Las máscaras de Dios. En el primer capítulo, Campbell explica cómo los mitos surgieron del inconsciente y han sido un elemento común presente en todas las culturas.

Enregistré dans:
Détails bibliographiques
Auteur principal: Campbell, Joseph (idea original)
Autres auteurs: Cox, Roy A. (realización) (realización), Goodman, Dan (fotógrafo) (fotógrafo), Kater, Peter (música) (música), Sarandon, Susan (presentación) (presentación)
Format: Diapositive
Langue:espagnol
Publié: San Anselmo, EUA : Joseph Campbell Foundation, 1996, c1996
México : Instituto Latinoamericano de la Comunicación Educativa [dist.], 1999, c1999
Collection:(Mythos ; 1)
Sujets:
Tags: Ajouter un tag
Pas de tags, Soyez le premier à ajouter un tag!

MARC

LEADER 00000ngm^a2200000^a^4500
001 000275168
005 20250521000000.0
009 20260310111224.053
037 |a Acervo ITESO - Biblioteca 
041 |a ESP 
082 |a 291. 13  |b CAM V. 1 
100 |a Campbell, Joseph  |e (idea original) 
240 1 1 |a [Mythos] 
245 1 3 |a La psique y el símbolo /  |c Idea original de J. Campbell ; realización de R.A. Cox. 
264 4 |a San Anselmo, EUA :  |b Joseph Campbell Foundation,  |c 1996, c1996 
264 4 |a México :  |b Instituto Latinoamericano de la Comunicación Educativa [dist.],  |c 1999, c1999 
300 |a 1 videocasete VHS  |c (56 min.) 
336 |a imagen móvil bidimensional  |b tdi  |2 rdacontenido 
337 |a video  |b v  |2 rdamedio 
338 |a videocasete  |b vf  |2 rdasoporte 
440 1 |a (Mythos ;  |v 1) 
500 |a Traducción de: Mythos with Joseph Campbell: Psyche and Symbol 
520 |a Serie sobre mitología, conducida por el especialista Joseph Campbell (1904-1987), autor del estudio de mitología comparada titulado Las máscaras de Dios. En el primer capítulo, Campbell explica cómo los mitos surgieron del inconsciente y han sido un elemento común presente en todas las culturas. 
546 |a Doblaje al español 
649 |a XX 
650 |a Mitología -  |x Aspectos Psicológicos -  |x Tema Principal 
650 |a Simbolismo 
650 |a Inconsciente 
650 |a Alma y Cuerpo 
650 |a Lo Sagrado 
650 |a Religión 
650 |a Prácticas Culturales 
650 |a Antropología Filosófica 
650 |a Psicología 
700 |a Cox, Roy A.  |e (realización) 
700 |a Goodman, Dan  |e (fotógrafo) 
700 |a Kater, Peter  |e (música) 
700 |a Sarandon, Susan  |e (presentación) 
910 |a Fondo General 
920 |a Audiovisuales - Videocasetes 
905 |a 301 
901 |a 0500055744  |b IT2  |c VIS  |u 20250521 
902 |a https://opac.biblio.iteso.mx/vufind/Record/000275168